000 00620nam a2200241Ia 4500
005 20260320201205.0
008 008 262003s9999 xx 000 0 eng d
037 _aEBOOK
040 _aCRL
040 _beng
040 _cCRL
041 _2eng
041 _aeng
084 _qCRL
100 _aCarpenter
245 0 _aFAIK: A Practical Guide to Living in a World of Deepfakes, Disinformation, and AI-Generated Deceptions
260 _bIEEE
260 _c2025
856 _uhttps://ieeexplore.ieee.org/servlet/opac?bknumber=10950187
942 _cEBOOK
999 _c1719540
_d1719540